000 00419nam a2200157 i 4500
001 44138
003 ES-MaACL
005 20230906160951.0
007 t|
008 030320s1971 cl ||||1| spa d
100 1 _aCid H., Otto.
_938766
245 1 0 _aGota de agua
_b: poemas /
_cOtto Cid H.
260 _aSantiago de Chile :
_bArancibia,
_c1971.
300 _a37 p. ;
_c19 cm.
852 _aES-MaACL
_j2078-F-8
_bR.78738
999 _c44138
_d44138